000 01476nam a2200337 a 4500
001 ebr10500198
003 CaPaEBR
006 m u
007 cr cn|||||||||
008 080407s2008 iluad sb 001 0 eng d
010 _z 2008015810
020 _z9781893997684 (pbk. : alk. paper)
040 _aCaPaEBR
_cCaPaEBR
035 _a(OCoLC)763159171
050 1 4 _aQP752.D54
_bD536 2008eb
082 0 4 _a612/.01577
_222
245 0 0 _aDiacylglycerol oil
_h[electronic resource] /
_ceditors, Yoshihisa Katsuragi ... [et al.].
250 _a2nd ed.
260 _aUrbana, Ill. :
_bAOCS Press,
_cc2008.
300 _axi, 299 p. :
_bill.
504 _aIncludes bibliographical references and index.
505 0 _apt. 1. Overview -- pt. 2. Metabolism -- pt. 3. Health benefits -- pt. 4. Regulatory status and safety -- pt. 5. Physicochemical properties and application technologies -- pt. 6. Processing technologies.
533 _aElectronic reproduction.
_bPalo Alto, Calif. :
_cebrary,
_d2011.
_nAvailable via World Wide Web.
_nAccess may be limited to ebrary affiliated libraries.
650 0 _aDiglycerides
_xPhysiological effect.
650 0 _aDiglycerides
_xMetabolism.
655 7 _aElectronic books.
_2local
700 1 _aKatsuragi, Yoshihisa.
710 2 _aAmerican Oil Chemists' Society.
710 2 _aebrary, Inc.
856 4 0 _uhttp://site.ebrary.com/lib/rucke/Doc?id=10500198
_zAn electronic book accessible through the World Wide Web; click to view
999 _c131263
_d131263